=LDR 00000nam 2200000 4500 =001 INLIS000000000809640 =008 ###################################ind## =035 ##$$a 0010-0825000133 =245 ##$$a Buah Buahan / $c Endiyah Murniati =260 ##$$b SIC =020 ##$$a 9789799415752 =084 ##$$a 658.1 ATI b =520 ##$$a Makanan dan bahan-bahan makanan =082 ##$$a 658.1